Handbook of Line Communication (Record no. 180975)
[ view plain ]
| 000 -LEADER | |
|---|---|
| fixed length control field | 00891 a2200157 4500 |
| 003 - CONTROL NUMBER IDENTIFIER | |
| control field | Nust |
| 005 - DATE AND TIME OF LATEST TRANSACTION | |
| control field | 20170207153201.0 |
| 040 ## - CATALOGING SOURCE | |
| Transcribing agency | Nust |
| 082 ## - DEWEY DECIMAL CLASSIFICATION NUMBER | |
| Classification number | 621.38 |
| 245 ## - TITLE STATEMENT | |
| Title | Handbook of Line Communication |
| Statement of responsibility, etc. | Royal Signals |
| 260 ## - PUBLICATION, DISTRIBUTION, ETC. | |
| Place of publication, distribution, etc. | London |
| Name of publisher, distributor, etc. | Her Majesty's Stationery |
| Date of publication, distribution, etc. | 1947 |
| 300 ## - PHYSICAL DESCRIPTION | |
| Extent | 905:p |
| 505 ## - FORMATTED CONTENTS NOTE | |
| Formatted contents note | An Introduction to Line Communication (Page-1) Mathematics (Page-20) Direct Currents (Page-118) Alternating Currents Ac Circuits (Page-187) Metal Rectifier and Power Supplies (Page-275) Thermionic Valves (page-323) Valve Amplifiers (Page-376) Feedback (Page-421) Oscillators (page-463) Modulation (Page-493) The Cathode Ray Oscilloscope (Page-532) Four-Terminal Networks (Page-561) Attenuation and Attenuators (Page-605) Filters (page-635) Line Transmission (Page-703) Mathematical Treatment Line Transmission (Page-749) |
| 538 ## - SYSTEM DETAILS NOTE | |
| System details note | Almirah No.129 Shelf No.4 |
| 650 ## - SUBJECT ADDED ENTRY--TOPICAL TERM | |
| Topical term or geographic name entry element | Communication |
| 942 ## - ADDED ENTRY ELEMENTS (KOHA) | |
| Source of classification or shelving scheme | |
| Koha item type | Book |
| Withdrawn status | Lost status | Source of classification or shelving scheme | Damaged status | Not for loan | Collection code | Permanent Location | Current Location | Date acquired | Total Checkouts | Full call number | Barcode | Date last seen | Price effective from | Koha item type |
|---|---|---|---|---|---|---|---|---|---|---|---|---|---|---|
| Military College of Signals (MCS) | Military College of Signals (MCS) | 12/12/2016 | 621.38 LIN | MCS10507 | 12/08/2016 | 12/12/2016 | Book |
